LDR 01310naa#a2200277#i#450# 001 RU\\bibl\125257 005 20260630004404.2 011 ## _a2077-7566 100 ## _a20260629b2026####ek#y0rusy0150####ca 101 0# _aRUS 102 ## _aRU 200 1# _aВОЗРАСТНЫЕ ИЗМЕНЕНИЯ ПОЛОСТИ РТА И СИСТЕМНОЕ ЗДОРОВЬЕ _eЖурнальная статья 210 1# _aЕкатеринбург _cИздательский Дом «ТИРАЖ» _d2026 215 ## _a11 с. 608 ## _aЖурнальная статья _2local 675 ## _aСтоматология. Заболевания ротовой полости и зубов. 616.31 _zRUS 700 #1 _aИсанина _gСветлана Олеговна 700 #1 _aТиунова _gНаталья Викторовна 700 #1 _aСидорова _gВероника Игоревна 700 #1 _aЛебедева _gАнна Андреевна 700 #1 _aКомарова _gМария Александровна 700 #1 _aШвецова _gСтефания Алексеевна 700 #1 _aМамонтова _gЕлизавета Дмитриевна 700 #1 _aТолкачева _gЕлена Валерьевна 700 #1 _aДобровольский _gСтепан Демьянович 856 4# _adental-press.ru _u